<?xml version="1.0" encoding="UTF-8"?>
<record
    xmlns:xsi="http://www.w3.org/2001/XMLSchema-instance"
    xsi:schemaLocation="http://www.loc.gov/MARC21/slim http://www.loc.gov/standards/marcxml/schema/MARC21slim.xsd"
    xmlns="http://www.loc.gov/MARC21/slim">

  <leader>03325nam a2200601Ia 4500</leader>
  <controlfield tag="001">6493</controlfield>
  <controlfield tag="008">241029s9999    xx            000 0 und d</controlfield>
  <datafield tag="010" ind1=" " ind2=" ">
    <subfield code="a">6124</subfield>
  </datafield>
  <datafield tag="041" ind1=" " ind2=" ">
    <subfield code="a">Espa&#xF1;ol</subfield>
  </datafield>
  <datafield tag="082" ind1=" " ind2=" ">
    <subfield code="a">NO APLICA</subfield>
  </datafield>
  <datafield tag="245" ind1=" " ind2="0">
    <subfield code="a">Estrategias Metodol&#xF3;gicas en el Uso de las TIC de los Docentes del &#xC1;rea de Educaci&#xF3;n de La Carrera de Biolog&#xED;a y Qu&#xED;mica de la Universidad Tecnol&#xF3;gica Del Cibao Oriental (UTECO)</subfield>
  </datafield>
  <datafield tag="260" ind1=" " ind2=" ">
    <subfield code="a">S&#xE1;nchez Ram&#xED;rez</subfield>
  </datafield>
  <datafield tag="300" ind1=" " ind2=" ">
    <subfield code="a">77</subfield>
  </datafield>
  <datafield tag="520" ind1=" " ind2=" ">
    <subfield code="a">74</subfield>
  </datafield>
  <datafield tag="630" ind1=" " ind2=" ">
    <subfield code="a">Biolog&#xED;a</subfield>
  </datafield>
  <datafield tag="630" ind1=" " ind2=" ">
    <subfield code="a">Bioqu&#xED;mica</subfield>
  </datafield>
  <datafield tag="630" ind1=" " ind2=" ">
    <subfield code="a">Qu&#xED;mica</subfield>
  </datafield>
  <datafield tag="630" ind1=" " ind2=" ">
    <subfield code="a">Tecnolog&#xED;a de la Informaci&#xF3;n y Comunicaci&#xF3;n (TICs)</subfield>
  </datafield>
  <datafield tag="630" ind1=" " ind2=" ">
    <subfield code="a">Tecnolog&#xED;a Educativa</subfield>
  </datafield>
  <datafield tag="650" ind1=" " ind2=" ">
    <subfield code="a">Tecnolog&#xED;a de la Informaci&#xF3;n y de la Comunicaci&#xF3;n (TICs)</subfield>
  </datafield>
  <datafield tag="690" ind1=" " ind2=" ">
    <subfield code="a">Copiado sin cambios</subfield>
  </datafield>
  <datafield tag="700" ind1=" " ind2=" ">
    <subfield code="e">asesor</subfield>
    <subfield code="a">Rafael Bello, </subfield>
  </datafield>
  <datafield tag="700" ind1=" " ind2=" ">
    <subfield code="e">autor</subfield>
    <subfield code="a">Romero Francisco, Laotal</subfield>
  </datafield>
  <datafield tag="700" ind1=" " ind2=" ">
    <subfield code="e">autor</subfield>
    <subfield code="a">Romero Torres , Patricia</subfield>
  </datafield>
  <datafield tag="700" ind1=" " ind2=" ">
    <subfield code="e">autor</subfield>
    <subfield code="a"> Romero Francisco, Arelis</subfield>
  </datafield>
  <datafield tag="700" ind1=" " ind2=" ">
    <subfield code="e">asesor</subfield>
    <subfield code="a">Guzm&#xE1;n, </subfield>
  </datafield>
  <datafield tag="901" ind1=" " ind2=" ">
    <subfield code="a">{"1":"Romero Francisco","2":"Romero Torres ","3":" Romero Francisco"}</subfield>
    <subfield code="b">{"1":"Laotal","2":"Patricia","3":"Arelis"}</subfield>
  </datafield>
  <datafield tag="902" ind1=" " ind2=" ">
    <subfield code="a">2</subfield>
  </datafield>
  <datafield tag="903" ind1=" " ind2=" ">
    <subfield code="a">{"1":"Guzm&#xE1;n","2":"Rafael Bello"}</subfield>
    <subfield code="b">{"1":"Jos&#xE9; C&#xE9;sar","2":"}</subfield>
  </datafield>
  <datafield tag="904" ind1=" " ind2=" ">
    <subfield code="a">Maestr&#xED;a en</subfield>
  </datafield>
  <datafield tag="905" ind1=" " ind2=" ">
    <subfield code="a">Docencia y Gesti&#xF3;n Universitaria</subfield>
  </datafield>
  <datafield tag="906" ind1=" " ind2=" ">
    <subfield code="a">2</subfield>
  </datafield>
  <datafield tag="907" ind1=" " ind2=" ">
    <subfield code="a">NO APLICA</subfield>
  </datafield>
  <datafield tag="908" ind1=" " ind2=" ">
    <subfield code="a">NO APLICA</subfield>
  </datafield>
  <datafield tag="909" ind1=" " ind2=" ">
    <subfield code="a">Universidad Cat&#xF3;lica de Santo Domingo (UCSD)</subfield>
  </datafield>
  <datafield tag="910" ind1=" " ind2=" ">
    <subfield code="a">NULL</subfield>
    <subfield code="b">NULL</subfield>
  </datafield>
  <datafield tag="911" ind1=" " ind2=" ">
    <subfield code="a">["1"]</subfield>
  </datafield>
  <datafield tag="912" ind1=" " ind2=" ">
    <subfield code="a">NO APLICA</subfield>
  </datafield>
  <datafield tag="913" ind1=" " ind2=" ">
    <subfield code="a">NULL</subfield>
  </datafield>
  <datafield tag="914" ind1=" " ind2=" ">
    <subfield code="a">01 de Septiembre de 2017</subfield>
  </datafield>
  <datafield tag="915" ind1=" " ind2=" ">
    <subfield code="a">07/12/19 09:12</subfield>
  </datafield>
  <datafield tag="916" ind1=" " ind2=" ">
    <subfield code="a">NULL</subfield>
  </datafield>
  <datafield tag="917" ind1=" " ind2=" ">
    <subfield code="a">NULL</subfield>
  </datafield>
  <datafield tag="918" ind1=" " ind2=" ">
    <subfield code="a">NO APLICA</subfield>
  </datafield>
  <datafield tag="919" ind1=" " ind2=" ">
    <subfield code="a">["278","281","280","296","191"]</subfield>
  </datafield>
  <datafield tag="520" ind1=" " ind2=" ">
    <subfield code="a">El objetivo general de esta investigaci&#xF3;n consiste en analizar las estrategias metodol&#xF3;gicas en el uso de las TIC en los docentes del &#xE1;rea de educaci&#xF3;n de la carrera de biolog&#xED;a y qu&#xED;mica de la Universidad Tecnol&#xF3;gica del Cibao Oriental (UTECO).El dise&#xF1;o utilizado en este estudio est&#xE1; basado en una investigaci&#xF3;n de tipo no experimental porque en ella no se manipulan variables, sino que &#xE9;stas son abordadas tal como tienen lugar en el contexto natural. El corte correspondiente es de tipo transversal, ya que la recopilaci&#xF3;n de la informaci&#xF3;n se realiza durante un &#xFA;nico a&#xF1;o acad&#xE9;mico. La poblaci&#xF3;n objeto de estudio estuvo integrada por 11 docentes, 616 estudiantes y la directora de desarrollo profesoral del &#xE1;rea de educaci&#xF3;n de dicha universidad. Se recurre para realizar la investigaci&#xF3;n al m&#xE9;todo inductivo, al anal&#xED;tico y al sint&#xE9;tico.El resultado del estudio de las estrategias metodol&#xF3;gicas en el uso de las TIC en todos sus aspectos mostr&#xF3; un alto porcentaje de coincidencia entre docentes y estudiantes, destacando el uso del proyector como la m&#xE1;s usada por los mismos, as&#xED; como tambi&#xE9;n la valoraci&#xF3;n de las competencias en el uso de ellas, la actitud abierta al cambio tecnol&#xF3;gico, resultando incoherente la poca confianza al uso de las TIC.&#xA0;Por lo tanto recomendamos a la universidad UTECO la aplicaci&#xF3;n de pol&#xED;ticas educativas que redimensionen la forma de utilizar de manera m&#xE1;s efectiva las tecnolog&#xED;as de la informaci&#xF3;n.</subfield>
  </datafield>
  <datafield tag="921" ind1=" " ind2=" ">
    <subfield code="a">72</subfield>
  </datafield>
  <datafield tag="922" ind1=" " ind2=" ">
    <subfield code="a">72</subfield>
  </datafield>
  <datafield tag="923" ind1=" " ind2=" ">
    <subfield code="a">1</subfield>
  </datafield>
  <datafield tag="924" ind1=" " ind2=" ">
    <subfield code="a">20191113200822</subfield>
  </datafield>
  <datafield tag="942" ind1=" " ind2=" ">
    <subfield code="c">Tesis</subfield>
  </datafield>
  <datafield tag="999" ind1=" " ind2=" ">
    <subfield code="c">6124</subfield>
    <subfield code="d">6124</subfield>
  </datafield>
</record>
